Consecuencias económicas y políticas del federalismo fiscal argentino (Registro nro. 1457)

Detalles MARC
000 -LEADER
fixed length control field 00976 a2200241 4500
001 - CONTROL NUMBER
control field 26393
005 - DATE AND TIME OF LATEST TRANSACTION
control field 20260407155543.0
008 - FIXED-LENGTH DATA ELEMENTS--GENERAL INFORMATION
fixed length control field 260407a2013 arg spa d
003 - CONTROL NUMBER IDENTIFIER
control field AR-UNSa-BCEJYS
040 ## - CATALOGING SOURCE
Original cataloging agency AR-UNSa-BCEJYS
Language of cataloging spa
Transcribing agency AR-UNSa-BCEJYS
080 ## - UNIVERSAL DECIMAL CLASSIFICATION NUMBER
Universal Decimal Classification number 336.2:323.17
Common auxiliary subdivision Federalismo Fiscal
020 ## - INTERNATIONAL STANDARD BOOK NUMBER
International Standard Book Number 978-950-34-1038-7
041 ## - LANGUAGE CODE
Language code of text/sound track or separate title spa
100 1# - MAIN ENTRY--PERSONAL NAME
Personal name Porto, Alberto
245 10 - TITLE STATEMENT
Title Consecuencias económicas y políticas del federalismo fiscal argentino
264 #1 - PRODUCTION, PUBLICATION, DISTRIBUTION, MANUFACTURE, AND COPYRIGHT NOTICE
Place of production, publication, distribution, manufacture La Plata :
Name of producer, publisher, distributor, manufacturer Universidad Nacional de la Plata. Facultad de Ciencias Económicas
Date of production, publication, distribution, manufacture, or copyright notice 2013
300 ## - PHYSICAL DESCRIPTION
Extent 309 p.
Dimensions 22 cm.
505 ## - FORMATTED CONTENTS NOTE
Formatted contents note 1. Consecuencias políticas - 2. Consecuencias económicas - 3. Relaciones fiscales provincia-municipio
590 ## - LOCAL NOTE (RLIN)
Local note niveau_biblio:m niveau_hierar:0
700 1# - ADDED ENTRY--PERSONAL NAME
Personal name Gervasoni, Carlos
856 41 - ELECTRONIC LOCATION AND ACCESS
Uniform Resource Identifier <a href="https://biblioeco.unsa.edu.ar/pmb/images/libros/Consecuencias econ?micas y pol?ticas del federalismo fiscal argentino.jpg">https://biblioeco.unsa.edu.ar/pmb/images/libros/Consecuencias econ?micas y pol?ticas del federalismo fiscal argentino.jpg</a>
Link text Imagen de portada
Electronic format type image/jpeg
942 ## - ADDED ENTRY ELEMENTS (KOHA)
Koha item type
Existencias
Withdrawn status Lost status Damaged status Not for loan Home library Current library Shelving location Date acquired Total checkouts Full call number Barcode Date last seen Price effective from Koha item type
        Biblioteca Prof. Eusebio Cleto del Rey Biblioteca Prof. Eusebio Cleto del Rey   07/04/2026   336.2:323.17 G385 L119918 07/04/2026 07/04/2026 Libro